“饸饹”地点数量≥200的地级行政区 Prefectures with ≥200 "Hele" sites - Statistics

General Stats
  • This quiz has been taken 30 times
  • The average score is 11 of 21
Answer Stats
地级行政区 数量 % Correct
郑州 827
88%
西安 813
81%
北京 238
81%
石家庄 968
77%
保定 475
69%
邯郸 279
65%
咸阳 578
62%
渭南 469
62%
延安 372
62%
榆林 294
62%
天津 265
62%
晋城 457
46%
长治 236
42%
运城 234
42%
许昌 513
38%
临汾 570
35%
新乡 237
35%
呼和浩特 436
31%
平顶山 776
23%
庆阳 305
19%
承德 232
19%
No matching quizzes found
Score Distribution
Percent of People with Each Score
Percentile by Number Answered
Your Score History
You have not taken this quiz